000 00478nam a2200181Ia 4500
003 GCL
008 140319s9999 xx 000 0 ara d
040 _aGCL /
_cGCL
082 0 4 _aد
_b050
100 1 _aامل العمدة
245 1 0 _aعقدتى (اقرا 567 ) /
_cامل العمدة
300 _a168
490 _aاقرأ
_v0
650 0 4 _aالمذكرات
650 0 4 _aالتراجم الذاتية
650 0 4 _aالمذكرات الادبية
942 _2ddc
_cBK
999 _c48805
_d48805